Disposición Final y plan integral de gestión ambiental de los residuos sólidos en el casco urbano de La Trinidad, Estelí.
El actual manejo de los desechos sólidos urbanos del Municipio de La Trinidad es deficiente en primer lugar por la falta de recursos financieros, carencia de personal capacitado para la prestación de servicio y la falta de conciencia ambiental en la población de dicho municipio; por ende la munic...
| Main Authors: | , , |
|---|---|
| Other Authors: | |
| Format: | Tesis Section = Libro |
| Language: | Undetermined Spanish |
| Published: |
Managua
UNI
2013
|
| Subjects: |
| LEADER | 01525nam a2200289Ia 4500 | ||
|---|---|---|---|
| 008 | 240830s9999 xx 000 0 und d | ||
| 040 | |a BIBLIOTECA-RUPAP Mon 363.7285 R934 | ||
| 041 | |a spa | ||
| 082 | |a Mon 363.7285 R934 | ||
| 100 | 1 | |a Ruiz Escoto, Cristiam Emiliano | |
| 100 | 1 | |b Martínez Gallardo, Dayvin Ariel | |
| 100 | 1 | |c Torres Paya, Holman Adán | |
| 245 | 1 | 0 | |a Disposición Final y plan integral de gestión ambiental de los residuos sólidos en el casco urbano de La Trinidad, Estelí. |
| 260 | |a Managua |b UNI |c 2013 | ||
| 300 | |a 146 p. :il. | ||
| 500 | |a Contiene: anexos e Incluye: CD. | ||
| 502 | |a Tesis (Ingeniero Civil)- UNI, 2013. | ||
| 520 | 3 | |a El actual manejo de los desechos sólidos urbanos del Municipio de La Trinidad es deficiente en primer lugar por la falta de recursos financieros, carencia de personal capacitado para la prestación de servicio y la falta de conciencia ambiental en la población de dicho municipio; por ende la municipalidad necesita un medio que contribuya al mejoramiento de la gestión de desechos sólidos (DS), con este objetivo se formuló una propuesta de mejora para el manejo integral de DS y sub productos de | |
| 650 | 7 | |a BASURA - DESECHOS SOLIDOS | |
| 650 | 7 | |b CONTAMINACION - MEDIO AMBIENTE | |
| 650 | 7 | |c APROVECHAMIENTO DE BASURAS | |
| 650 | 7 | |d PROTECCIÓN DEL MEDIO AMBIENTE | |
| 650 | 7 | |e RECOLECCION Y TRATAMIENTO - RESIDUOS SOLIDOS - URBANOS | |
| 700 | 1 | |a Tutor: |b Sierra Mercado, Jimmy | |
| 942 | |c BK |2 ddc | ||
| 991 | |a TESIS | ||
| 999 | |c 15584 | ||